Význam stratégie rozvoja vedy a výskumu inovácií pri vstupe SR do EÚ
Salvato in:
| Autore principale: | |
|---|---|
| Altri autori: | , |
| Natura: | Capitolo di libro |
| Lingua: | slovacco |
| Tags: |
Nessun Tag, puoi essere il primo ad aggiungerne!!
|
MARC
| LEADER | 00000naa$a2200000$$$4500 | ||
|---|---|---|---|
| 001 | 0065464 | ||
| 005 | 20240502083157.6 | ||
| 041 | 0 | |a slo | |
| 044 | |a CZ | ||
| 245 | 1 | 0 | |a Význam stratégie rozvoja vedy a výskumu inovácií pri vstupe SR do EÚ |c Miloslav Rosenberg, Jana Pásztorová, Ľubica Zubaľová |
| 100 | 1 | |a Rosenberg, Miloslav | |
| 700 | 1 | |a Pásztorová, Jana, 1960- | |
| 700 | 1 | |a Zubaľová, Ľubica, 1969- | |